000 00682nam a2200289Ia 4500
005 20260324123853.0
008 008 260324s9999 xx 000 0 eng d
020 _a9780203844366
037 _aEBOOK
040 _aCRL
040 _beng
040 _cCRL
041 _2eng
041 _aeng
084 _qCRL
100 _aDiane Mavers
_91171974
245 0 _aChildren's Drawing and Writing
245 4 _bThe Remarkable in the Unremarkable
260 _bTaylor and Francis
260 _c2011
365 _a
365 _b240
856 _uhttp://www.taylorfrancis.com/books/9780203844366
942 _cEBOOK
999 _c1765853
_d1765853